00303nam a2200133Ia 45000030006000000080041000060400015000471000025000622450036000872600009001233000006001325460014001380050017001520STCL150530s9999 xx 000 0 und d aSTCLcSTCL aKrishnan Bhagavathar aSreeramasreekrishna Ganamritham c1974 a0 aMalayalam20220125170741.0